000
00306 a2200145 4500
001
155323
040
_c
Escola São Tomás de Aquino
100
_a
DANTE, Luiz Roberto
240
1
0
_a
Matemática
_l
por
245
1
0
_a
Matemática
300
_a
216
362
0
_a
2011
697
_a
MATEMÁTICA
942
_c
BK
999
_c
155323
_d
155323